000 00941cad a22002535a 4500
001 E151406
008 101102s2008 xxk f 100 0 eng d
020 _a9781842194348
035 _a(Sirsi) u151406
041 0 _aeng
100 1 _aOsei-Mensah, Ellen
111 2 _aConstruction and Building Research Conference
_cDublin Institute of Technology, Dublin
_d4-5 September 2008
245 0 0 _aPartnering for repairs and maintenance services
_h[electronic resource]
260 _aLondon
_bRICS
_c2008
520 _aA paper presented at the COBRA Conference 2008 in Dublin.
590 _aKA
650 2 4 _aCONSTRUCTION AND BUILDING RESEARCH CONFERENCE (COBRA)
651 4 _aEngland
_y886-
690 _aRefurbishment
_96264
700 1 _aRhoden, Maureen
700 1 _aIsaac, David
856 4 0 _uhttps://www.rics.org/site/scripts/download_info.aspx?fileID=3320&categoryID=525
_zView the item free of charge at www.rics.org
942 _n0
999 _c111346
_d111346